100 Most valuable LaLiga Players (Jan. 2025) - Statistics

General Stats
  • This quiz has been taken 338 times
  • The average score is 63 of 100
Answer Stats
Hint age € (m) Answer % Correct
1 Real Madryt Flag of Brazil LW 24 200,00 Vinícius Júnior
100%
2 Real Madryt Flag of England AM 21 180,00 Jude Bellingham
99%
5 Real Madryt Flag of Uruguay CM 26 130,00 Federico Valverde
98%
4 Real Madryt Flag of France CF 26 160,00 Kylian Mbappé
98%
FC Barcelona Flag of Spain RW 17 180,00 Lamine Yamal
98%
FC Barcelona Flag of Spain CM 22 100,00 Pedri
97%
6 Real Madryt Flag of Brazil RW 24 100,00 Rodrygo
97%
Real Madryt Flag of France CM 22 80,00 Eduardo Camavinga
96%
FC Barcelona Flag of Spain CM 20 80,00 Gavi
95%
FC Barcelona Flag of Brazil LW 28 80,00 Raphinha
95%
8 Real Madryt Flag of France DM 24 80,00 Aurélien Tchouaméni
94%
15 FC Barcelona Flag of France RB 26 60,00 Jules Koundé
93%
Atlético Madryt Flag of Argentina CF 24 80,00 Julián Alvarez
93%
Athletic Bilbao Flag of Spain LW 22 70,00 Nico Williams
93%
18 FC Barcelona Flag of Uruguay CB 25 55,00 Ronald Araújo
93%
24 Real Madryt Flag of Turkey RW 19 45,00 Arda Güler
92%
FC Barcelona Flag of the Netherlands CM 27 45,00 Frenkie de Jong
90%
13 FC Barcelona Flag of Spain CB 17 70,00 Pau Cubarsí
89%
19 FC Barcelona Flag of Spain LB 21 50,00 Alejandro Balde
88%
Athletic Bilbao Flag of Ghana RW 30 20,00 Iñaki Williams
88%
Atlético Madryt Flag of Slovenia GK 32 25,00 Jan Oblak
88%
26 Real Madryt Flag of Brazil CB 26 40,00 Éder Militão
87%
43 Real Madryt Flag of Belgium GK 32 25,00 Thibaut Courtois
87%
FC Barcelona Flag of Spain AM 26 60,00 Dani Olmo
86%
Real Madryt Flag of Brazil CF 18 40,00 Endrick
86%
53 Real Madryt Flag of Germany CB 31 24,00 Antonio Rüdiger
85%
59 Real Madryt Flag of Ukraine GK 25 20,00 Andriy Lunin
83%
33 Real Madryt Flag of Morocco RW 25 35,00 Brahim Díaz
83%
Real Sociedad Flag of Japan RW 23 40,00 Takefusa Kubo
83%
Atlético Madryt Flag of France CF 33 22,00 Antoine Griezmann
82%
Atlético Madryt Flag of Norway CF 29 25,00 Alexander Sørloth
81%
Atlético Madryt Flag of Argentina CM 30 25,00 Rodrigo de Paul
81%
Atlético Madryt Flag of England CM 24 40,00 Conor Gallagher
80%
40 FC Barcelona Flag of Spain RW 24 28,00 Ferran Torres
80%
FC Barcelona Flag of Germany GK 32 15,00 Marc-André ter Stegen
80%
Real Sociedad Flag of Spain DM 25 60,00 Martín Zubimendi
80%
FC Barcelona Flag of Poland CF 36 15,00 Robert Lewandowski
79%
FC Barcelona Flag of Denmark CB 28 20,00 Andreas Christensen
78%
Valencia CF Flag of Georgia GK 24 40,00 Giorgi Mamardashvili
78%
75 Real Madryt Flag of France LB 29 18,00 Ferland Mendy
76%
Real Sociedad Flag of Spain LW 27 35,00 Mikel Oyarzabal
75%
Athletic Bilbao Flag of Spain GK 27 28,00 Unai Simón
74%
Atlético Madryt Flag of Argentina RB 26 25,00 Nahuel Molina
72%
Atlético Madryt Flag of Uruguay CB 29 20,00 José María Giménez
70%
FC Barcelona Flag of Spain CM 21 50,00 Fermín López
68%
82 Real Madryt Flag of Spain LB 25 15,00 Fran García
68%
Atlético Madryt Flag of Spain CB 28 40,00 Robin Le Normand
68%
37 FC Barcelona Flag of Spain DM 21 30,00 Marc Casadó
67%
FC Barcelona Flag of Spain CB 24 18,00 Eric García
66%
Atlético Madryt Flag of Spain RM 29 28,00 Marcos Llorente
65%
Atlético Madryt Flag of Spain CM 21 50,00 Pablo Barrios
65%
Real Sociedad Flag of Spain GK 29 25,00 Álex Remiro
64%
Athletic Bilbao Flag of Spain AM 24 50,00 Oihan Sancet
64%
Atlético Madryt Flag of Brazil LW 25 25,00 Samuel Lino
63%
Atlético Madryt Flag of Argentina RW 29 15,00 Ángel Correa
62%
54 Girona FC Flag of Ukraine RW 27 22,00 Viktor Tsygankov
61%
Athletic Bilbao Flag of Spain CB 25 40,00 Dani Vivian
58%
Villarreal CF Flag of Spain LW 23 50,00 Álex Baena
57%
Sevilla FC Flag of Belgium RW 27 20,00 Dodi Lukébakio
56%
Real Sociedad Flag of Morocco CB 28 35,00 Nayef Aguerd
56%
Villarreal CF Flag of Spain RW 22 30,00 Yéremy Pino
56%
Girona FC Flag of Spain LB 23 25,00 Miguel Gutiérrez
54%
Girona FC Flag of Venezuela (state) CM 27 20,00 Yangel Herrera
52%
Real Betis Balompié Flag of Argentina CM 28 20,00 Giovani Lo Celso
51%
Valencia CF Flag of Spain LB 29 15,00 José Gayà
51%
Sevilla FC Flag of France CB 24 25,00 Loïc Badé
51%
Real Betis Balompié Flag of Brazil CF 19 20,00 Vitor Roque
50%
Real Sociedad Flag of Spain AM 28 35,00 Brais Méndez
46%
UD Las Palmas Flag of Spain AM 21 25,00 Alberto Moleiro
44%
UD Las Palmas Flag of Portugal CF 22 18,00 Fábio Silva
44%
Valencia CF Flag of Spain CB 20 30,00 Cristhian Mosquera
43%
Celta de Vigo Flag of Spain RB 25 20,00 Óscar Mingueza
43%
Real Betis Balompié Flag of Morocco LW 23 15,00 Abde Ezzalzouli
42%
Atlético Madryt Flag of Spain LW 24 22,00 Rodrigo Riquelme
41%
Real Betis Balompié Flag of the United States DM 23 20,00 Johnny Cardoso
40%
Real Sociedad Flag of Spain CB 27 22,00 Igor Zubeldia
39%
Real Sociedad Flag of Spain LW 23 20,00 Ander Barrenetxea
38%
Athletic Bilbao Flag of Spain CB 24 22,00 Aitor Paredes
37%
Valencia CF Flag of Spain CM 21 20,00 Javi Guerra
37%
Real Sociedad CM 22 18,00 Luka Sučić
37%
Real Sociedad Flag of Iceland CF 20 20,00 Orri Óskarsson
37%
RCD Mallorca Flag of Portugal DM 24 15,00 Samú Costa
35%
Girona FC Flag of Spain LW 23 15,00 Bryan Gil
34%
Athletic Bilbao Flag of Spain CF 28 15,00 Gorka Guruzeta
34%
Athletic Bilbao Flag of Spain GK 24 15,00 Julen Agirrezabala
33%
Girona FC Flag of Colombia RW 21 18,00 Yáser Asprilla
33%
98 Villarreal CF Flag of France CF 22 14,00 Thierno Barry
32%
Real Sociedad Flag of Russia AM 21 18,00 Arsen Zakharyan
31%
CA Osasuna Flag of Cameroon CB 23 20,00 Enzo Boyomo
31%
Sevilla FC Flag of Spain RB 21 12,00 Juanlu Sánchez
31%
Villarreal CF The Flag of the Republic of Cabo Verde CB 23 15,00 Logan Costa
31%
CA Osasuna Flag of Spain AM 23 15,00 Aimar Oroz
30%
Villarreal CF Flag of Morocco RW 20 15,00 Ilias Akhomach
30%
Sevilla FC Flag of Spain CF 24 15,00 Isaac Romero
30%
Athletic Bilbao Flag of Spain CM 23 20,00 Beñat Prados
28%
Real Sociedad Flag of Spain RW 24 20,00 Sergio Gómez
28%
99 Sevilla FC Flag of Belgium CM 25 12,00 Albert Sambi Lokonga
27%
Valencia CF Flag of Spain DM 26 15,00 Pepelu
27%
Real Sociedad Flag of Spain CM 22 18,00 Beñat Turrientes
24%
Valencia CF Flag of Spain CB 20 15,00 Yarek Gasiorowski
18%
No matching quizzes found
Score Distribution
Percent of People with Each Score
Percentile by Number Answered
Your Score History
You have not taken this quiz